| 000 | 00845nam a2200253Ia 4500 | ||
|---|---|---|---|
| 003 | OSt | ||
| 005 | 20220923212256.0 | ||
| 006 | a|||||r|||| 00| 0 | ||
| 007 | ta | ||
| 008 | 220922b |||||||| |||| 00| 0 hin d | ||
| 024 | _a151,952 | ||
| 037 | _cTextual | ||
| 040 |
_aARTS _cARTS _bhin |
||
| 041 |
_2hin _ahin |
||
| 082 | _aDelta2y7M63, 152L7 | ||
| 100 | _aमजूमदार, सत्येन्द्रनाथ | ||
| 245 | 0 | _aविवेकानन्द चरित | |
| 246 | _aVivekānanda charita | ||
| 250 | _aसंस्क 7 | ||
| 260 |
_aनागपुर _b श्री रामकृष्ण आश्रम _c1977 |
||
| 300 |
_a545 पृ. _ccm. |
||
| 942 |
_hDelta2y7M63, 152L7 _cTEXL _2CC |
||
| 999 |
_c307625 _d307625 |
||